Nguyên tắc phân loại và Hệ thống học Thực vật : Tập bài giảng chuyên đề sau đại học
Quyển sách này giới thiệu các khái niệm về những nguyên tắc phân loại và hệ thống học thực vật, hệ thống học dưới ánh sáng của lý thuyết tiến hóa, đưa ra các dạng sơ đồ hệ thống và các kiểu khoá phân loại, các luật quốc tế về...
Đã lưu trong:
| Hovedforfatter: | |
|---|---|
| Format: | Bog |
| Sprog: | Undetermined |
| Udgivet: |
Hà Nội
[Trung tâm khoa học tự nhiên & công nghệ quốc gia viện sinh thái & tài nguyên sinh vật ]
1997
|
| Fag: | |
| Tags: |
Tilføj Tag
Ingen Tags, Vær først til at tagge denne postø!
|
| Thư viện lưu trữ: | Trung tâm Học liệu Trường Đại học Cần Thơ |
|---|
| LEADER | 01404nam a2200217Ia 4500 | ||
|---|---|---|---|
| 001 | CTU_146973 | ||
| 008 | 210402s9999 xx 000 0 und d | ||
| 082 | |a 578.012 | ||
| 082 | |b B121 | ||
| 100 | |a Nguyễn, Tiến Bân | ||
| 245 | 0 | |a Nguyên tắc phân loại và Hệ thống học Thực vật : | |
| 245 | 0 | |b Tập bài giảng chuyên đề sau đại học | |
| 245 | 0 | |c Nguyễn Tiến Bân ; Trung tâm khoa học tự nhiên & công nghệ quốc gia. Viện sinh thái & tài nguyên sinh vật | |
| 260 | |a Hà Nội | ||
| 260 | |b [Trung tâm khoa học tự nhiên & công nghệ quốc gia viện sinh thái & tài nguyên sinh vật ] | ||
| 260 | |c 1997 | ||
| 520 | |a Quyển sách này giới thiệu các khái niệm về những nguyên tắc phân loại và hệ thống học thực vật, hệ thống học dưới ánh sáng của lý thuyết tiến hóa, đưa ra các dạng sơ đồ hệ thống và các kiểu khoá phân loại, các luật quốc tế về danh phấp về thực vật và các ngành thực vật trong sinh giới. | ||
| 650 | |a Botany,Thực vật học | ||
| 650 | |x Classification,Phân loại | ||
| 904 | |i Uy Chi, Hằng | ||
| 980 | |a Trung tâm Học liệu Trường Đại học Cần Thơ | ||